Tres obras de teatro : (Registro nro. 29736)
[ vista simple ]
| 000 -LEADER | |
|---|---|
| fixed length control field | 01252nam a22002657a 4500 |
| 003 - CONTROL NUMBER IDENTIFIER | |
| control field | OSt |
| 005 - DATE AND TIME OF LATEST TRANSACTION | |
| control field | 20221014095429.0 |
| 008 - FIXED-LENGTH DATA ELEMENTS--GENERAL INFORMATION | |
| fixed length control field | 220823t2017 ck ||||jr|||| 00| 1dspa d |
| 020 ## - INTERNATIONAL STANDARD BOOK NUMBER | |
| International Standard Book Number | 9789584262783 |
| 020 ## - INTERNATIONAL STANDARD BOOK NUMBER | |
| International Standard Book Number | 9584262785 |
| 040 ## - CATALOGING SOURCE | |
| Original cataloging agency | CO-JMCR |
| Transcribing agency | CO-JMCR |
| 041 0# - LANGUAGE CODE | |
| Language code of text/sound track or separate title | spa |
| 082 ## - DEWEY DECIMAL CLASSIFICATION NUMBER | |
| Classification number | T / |
| Item number | BONt |
| 100 ## - MAIN ENTRY--PERSONAL NAME | |
| Personal name | Bonnett, Piedad, |
| Relator term | autora |
| 9 (RLIN) | 42327 |
| 245 10 - TITLE STATEMENT | |
| Title | Tres obras de teatro : |
| Remainder of title | gato por liebre : algún día nos iremos : máxima seguridad / |
| Statement of responsibility, etc. | Piedad Bonnett |
| 246 33 - VARYING FORM OF TITLE | |
| Title proper/short title | Gato por liebre |
| 246 33 - VARYING FORM OF TITLE | |
| Title proper/short title | Algún día nos iremos |
| 246 33 - VARYING FORM OF TITLE | |
| Title proper/short title | Máxima seguridad |
| 250 ## - EDITION STATEMENT | |
| Edition statement | Segunda edición |
| 260 ## - PUBLICATION, DISTRIBUTION, ETC. | |
| Place of publication, distribution, etc. | Bogotá : |
| Name of publisher, distributor, etc. | Planeta, |
| Date of publication, distribution, etc. | 2017 |
| 300 ## - PHYSICAL DESCRIPTION | |
| Extent | 180 páginas : |
| Dimensions | 20 cm. |
| 440 ## - SERIES STATEMENT/ADDED ENTRY--TITLE | |
| Title | Colección Planeta lector |
| 9 (RLIN) | 42328 |
| 520 ## - SUMMARY, ETC. | |
| Summary, etc. | "Algún día nos iremos" transcurre en el espacio amplio pero asfixiante de una cada donde pasan sus días cinco hermanos huérfanos de padre y madre. "Gato por liebre" recrea el monólogo de Ester Ramírez, una mujer pueblerina nacida en la década de los cuarenta. Y "Máxima Seguridad" dramatiza el translado inmimente de un delicuente a otra penitencia por su colaboración con la justicia que terminará por desatar en la cárcel una situación de caos y desenfreno absolutos. |
| 942 ## - ADDED ENTRY ELEMENTS (KOHA) | |
| Source of classification or shelving scheme | Dewey Decimal Classification |
| Koha item type | Books |
| Withdrawn status | Lost status | Source of classification or shelving scheme | Damaged status | Not for loan | Home library | Current library | Shelving location | Date acquired | Source of acquisition | Total Checkouts | Full call number | Barcode | Date last seen | Date last checked out | Copy number | Price effective from | Koha item type |
|---|---|---|---|---|---|---|---|---|---|---|---|---|---|---|---|---|---|
| Dewey Decimal Classification | Biblioteca Pública José María del Castillo y Rada | Biblioteca Pública José María del Castillo y Rada | Processing Center | 08/23/2022 | Donación | 1 | T / BONt | 201811157 | 04/23/2024 | 04/23/2024 | Ej. 1 | 08/23/2022 | Books |